000 00843nam a22003017a 4500
001 BR7405721
003 BR-BrBNA
005 20230928084616.0
007 ta
008 230509b bl.||||| |||| 00| 0 por d
040 _aBR-BrBNA
_bpor
_cBiblioteca Nacional de Agricultura
041 _a(Por)
072 _aK50; E70
_b8911
_b8919
_b/G514
090 _ 8911 BR7405721
110 1 _aConselho de Desenvolvimento Economico, Brasilia, DF (Brasil)
_92600
245 1 _aPrograma Nacional de Papel e Celulose [Industria florestal; Comercializacao; Brasil]
260 3 _aBrasilia, df (Brasil):
_c1974.
300 _a56 p.
500 _a33 tables
650 _aPAPEL
650 _aCELULOSE
650 _aEXPORTACAO
650 _aCONSUMO
650 _aMERCADO
650 _aOFERTA
909 _a202309
_bLucia
_c55
_dLucia Elande
942 _cBK
999 _c20068
_d20068